About Indonesia - Statistics

General Stats
  • This quiz has been taken 64 times
  • The average score is 3 of 50
Answer Stats
NO QUESTION / PERTAYAAN ANSWER / JAWABAN % Correct
6. IBUKOTA NEGARA SAAT INI jakarta
81%
1. KOTA DI JAWA BARAT tasikmalaya
33%
2. KOTA DI JAWA TENGAH purwokerto
12%
4. KOTA DI DIY bantul
7%
12. KOTA DI KEP RIAU batam
7%
5. KOTA DI BANTEN cilegon
7%
7. KOTA DI SUMATERA BARAT sawahlunto
7%
11. KOTA DI RIAU bangkinang
5%
10. KOTA DI ACEH bireuen
5%
13. KOTA DI BANDAR LAMPUNG kotabumi
5%
24. KOTA DI NTT maumere
5%
8. KOTA DI SUMATERA UTARA padang sidempuan
5%
25. KOTA DI SULAWESI SELATAN parepare
5%
9. KOTA DI SUMATERA SELATAN prabumulih
5%
3. KOTA DI JAWA TIMUR sampang
5%
17. KOTA DI KALIMATAN BARAT singkawang
5%
33. KOTA DI PAPUA sorong
5%
15. KOTA DI JAMBI Sungaipenuh
5%
19. KOTA DI KALIAMTAN UTARA tanjung selor
5%
48. HEWAN DARI BANTEN badak cula satu
2%
22. KOTA DI BALI bangli
2%
20. KOTA DI KALIMANTAN SELATAN banjarbaru
2%
37. WISATA DI JAWA TENGAH baturaden
2%
26. KOTA DI SULAWESI TENGGARA baubau
2%
23. KOTA DI NTB bima
2%
18. KOTA DI KALIMATAN TIMUR bontang
2%
36. LAGU DAERAH DARI ACEH bungong jeumpa
2%
49. WISATA DI PAPUA danau sentani
2%
39. TOKOH TERKENAL ASAL JAWA TIMUR dodit mulyanto
2%
44. KULINER SUMATERA SELATAN kapal selam adaan lenjeer
2%
38. NAMA JALAN YANG ADA DI BANTEN kisamaun
2%
27. KOTA DI SULAWESI UTARA kotamobagu
2%
21. KOTA DI KALIMANTAN TENGAH kuala pembuang
2%
30. KOTA DI GORONTALO limboto
2%
42. SENJATA TRADISONAL DARI KALIMANTAN SELATAN UTARA TIMUR TENGAH mandau
2%
14. KOTA DI BENGKULU mukomuko
2%
34. KOTA DI PAPUA BARAT nabire
2%
35. KULINER JAWA BARAT nasi tutug oncom
2%
47. NAMA JALAN YANG ADA DI JAWA TENGAH pandanaran
2%
29. KOTA DI SULAWESI BARAT polewali
2%
45. TOKOH TERKENAL ASAL SUMATERA UTARA priya prayogha pratama
2%
46. TOKOH TERKENAL ASAL JAWA BARAT rizky firdaus wijaksana
2%
43. WISATA JAWA BARAT situ gede
2%
40. BAHASA DI PULAU JAWA sunda
2%
41. LAGU DARI JAWA BARAT(diluar daftar lagu daerah) tahu sumedang
2%
16. KOTA DI BANGKA BELITUNG tanjung pandang
2%
50. PRODUK FHASION LOKAL the executive
2%
32. KOTA DI MALUKU UTARA tidore kepulauan
2%
28. KOTA DI SULAWESI TENGAH tolitoli
2%
31. KOTA DI MALUKU tual
2%
No matching quizzes found
Score Distribution
Percent of People with Each Score
Percentile by Number Answered
Your Score History
You have not taken this quiz